LEADER 04467nam 2200685 450 001 9910455707303321 005 20200520144314.0 010 $a1-4623-6534-5 010 $a1-4527-5336-9 010 $a1-283-53823-7 010 $a1-4519-4836-0 010 $a9786613850683 035 $a(CKB)2470000000001373 035 $a(EBL)1608491 035 $a(SSID)ssj0000470267 035 $a(PQKBManifestationID)11288857 035 $a(PQKBTitleCode)TC0000470267 035 $a(PQKBWorkID)10412207 035 $a(PQKB)11169785 035 $a(MiAaPQ)EBC1608491 035 $a(Au-PeEL)EBL1608491 035 $a(CaPaEBR)ebr10300278 035 $a(OCoLC)796031523 035 $a(EXLCZ)992470000000001373 100 $a20151126h20072007 uy 0 101 0 $aeng 135 $aur|n|---||||| 181 $ctxt 182 $cc 183 $acr 200 10$aRegional economic outlook$iMiddle East and Central Asia /$fInternational Monetary Fund 210 1$aWashington, District of Columbia :$cInternational Monetary Fund,$d2007. 210 4$dİ2007 215 $a1 online resource (69 p.) 225 1 $aWorld Economic and Financial Surveys 300 $a"October 2007." 311 $a1-58906-669-3 320 $aIncludes bibliographical references. 327 $aCover; Contents; Assumptions and Conventions; Recent Macroeconomic Developments and Prospects; Highlights; Background; Recent Economic Developments; Figures; 1 Global real GDP growth; Boxes; 1 Maghreb: Growth Performance and R Remaining Challenges maining; 2 MCD real GDP growth; 3 External current account balance; 4 Non-oil commodity prices; 2 Oil Developments-An Update; 5 Gross officia official reserves; 6 Central government fiscal balance; 7 Total government debt; 8 Monetary developments; 9 Credit to the private sector; 10 Consumer prices; 11 Nominal effective exchange rates 327 $a12 Real effective exchange rates13 Selected stock market indices; 3 Regional Impact of the 2 2007 Global Credit Squeeze 07; Economic Outlook; World economic outlook; 14 Global outlook; 15 Brent crude oil prices; Outlook for the MCD region; Policy Issues; 4 Kazakhstan: A Decad Decade of Economic Progress; 5 Armenia: The Road to a Successful Transition; 6 Egypt: An Emerging Success Story; 7 Pakistan: An Economic Turnaround; 8 The Boom in the GCC: I Is It Sustainable?; 9 The United Arab Emirates: The Race to Prosperity; Statistical Appendix; Data and Conventions; Tables; 1 Real GDP Growth 327 $a2 Nominal GDP3 Oil and Non-Oil Real GDP Growth for Oil Exporters; 4 Crude Oil Production and Exports; 5 Consumer Price Inflation; 6 Broad Money; 7 Central Government Fiscal Balance; 8 Central Government Total Revenue Excluding Grants; 9 Oil Exporters: Central Government Non-Oil Fiscal Balance; 10 Oil Exporters: Central Government Non-Oil Revenue; 11 Central Government Total Expenditure and Net Lending; 12 Total Government Debt; 13 Exports of Goods and Services; 14 Imports of Goods and Services; 15 Current Account Balance (in billions o of U.S. dollars) 327 $a16 Current Account Balance (in percent of GDP)17 Real Effective Exchange Rates; 18 Gross Official Reserves; 19 Total Gross Public and Private External Debt 330 $aThe Middle East and Central Asia is undergoing a remarkable transformation driven by rapid GDP growth and high oil and non-oil commodity prices. The report presents common economic trends and reviews prospects and policies for the coming year in light of the global economic environment. This latest REO includes boxes treating both regional topics--such as growth in the Maghreb countries; developments in the oil markets; the boom in the GCC countries, and the impact of the recent global credit squeeze on the region--and country-specific reviews, of Kazakhstan, Armenia, Egypt, Pakistan, and the 410 0$aWorld economic and financial surveys. 606 $aEconomic forecasting$zMiddle East 606 $aEconomic forecasting$zAsia, Central 607 $aMiddle East$xEconomic conditions 607 $aAsia, Central$xEconomic conditions 608 $aElectronic books. 615 0$aEconomic forecasting 615 0$aEconomic forecasting 676 $a338.097705 712 02$aInternational Monetary Fund. 801 0$bMiAaPQ 801 1$bMiAaPQ 801 2$bMiAaPQ 906 $aBOOK 912 $a9910455707303321 996 $aRegional economic outlook$91916023 997 $aUNINA